Online
Catalog

La politique en france / (Record no. 35227)

MARC details
000 -CABECERA
campo de control de longitud fija 00784nam a2200205 a 4500
001 - NÚMERO DE CONTROL
campo de control 000035736
005 - FECHA Y HORA DE LA ÚLTIMA TRANSACCIÓN
campo de control 20200930074554.0
008 - DATOS DE LONGITUD FIJA--INFORMACIÓN GENERAL
campo de control de longitud fija 111109s1964 fr 000 0 fre d
040 ## - FUENTE DE LA CATALOGACIÓN
Centro catalogador/agencia de origen DO-SdBNP
Lengua de catalogación spa
Centro/agencia transcriptor BNPHU
100 1# - ENTRADA PRINCIPAL--NOMBRE DE PERSONA
Nombre de persona Goguel, Francois,
Fechas asociadas al nombre 1909-1999
9 (RLIN) 61676
245 13 - MENCIÓN DE TÍTULO
Título La politique en france /
Mención de responsabilidad, etc. Francois Goguel et Alfred Grosser.
260 ## - PUBLICACIÓN, DISTRIBUCIÓN, ETC.
Lugar de publicación, distribución, etc. Paris :
Nombre del editor, distribuidor, etc. Librairie Armand Colin,
Fecha de publicación, distribución, etc. 1964.
300 ## - DESCRIPCIÓN FÍSICA
Extensión 298 p. :
Otras características físicas il., mapas ;
Dimensiones 24 cm.
490 0# - MENCIÓN DE SERIE
Mención de serie Collection U. Série Société politique
504 ## - NOTA DE BIBLIOGRAFÍA, ETC.
Nota de bibliografía, etc. Incluye bibliografía
590 ## - NOTA LOCAL (RLIN)
Nota local Perteneció a la biblioteca personal de Juan Isidro Jimenes Grullón.
651 #4 - PUNTO DE ACCESO ADICIONAL DE MATERIA--NOMBRE GEOGRÁFICO
Nombre geográfico Francia
Subdivisión general Política Y Gobierno
Subdivisión cronológica SIGLO XX
9 (RLIN) 61677
700 1# - PUNTO DE ACCESO ADICIONAL--NOMBRE DE PERSONA
Nombre de persona Grosser, Alfred,
Fechas asociadas al nombre 1925-
9 (RLIN) 61678
830 #0 - PUNTO DE ACCESO ADICIONAL DE SERIE-TÍTULO UNIFORME
Título uniforme Collection U.
Nombre de parte o sección de la obra Série Société politique
9 (RLIN) 61679
Holdings
Estado de retiro Estado de pérdida Restricciones de uso No para préstamo Código de colección Localización permanente Ubicación/localización actual Ubicación en estantería Fecha de adquisición Número de inventario Total de préstamos Signatura topográfica completa Código de barras Fecha visto por última vez Precio válido a partir de Tipo de ítem Koha Nota pública
        Monografías: Libros y Folletos General General Orden iniciada 09.11.2011 LF1   35736-10 25.06.2020 25.06.2020 No se presta Biblioteca Juan Isidro Jiménes Grullón

Powered by Koha